<?xml version="1.0" encoding="UTF-8"?>
<collection xmlns="http://www.loc.gov/MARC21/slim">
 <record>
  <leader>02239nam a22002897a 4500</leader>
  <controlfield tag="001">NCT_4_025780</controlfield>
  <controlfield tag="008">240228b        xxu||||| |||| 00| 0 vie d</controlfield>
  <datafield tag="999" ind1=" " ind2=" ">
   <subfield code="c">9274</subfield>
   <subfield code="d">9274</subfield>
  </datafield>
  <datafield tag="020" ind1=" " ind2=" ">
   <subfield code="a">9786040387844</subfield>
   <subfield code="c">180000</subfield>
  </datafield>
  <datafield tag="082" ind1="0" ind2="4">
   <subfield code="2">23rd ed.</subfield>
   <subfield code="a">617.6</subfield>
   <subfield code="b">Th107/T.2</subfield>
  </datafield>
  <datafield tag="100" ind1="1" ind2=" ">
   <subfield code="a">Trần Ngọc Thành</subfield>
   <subfield code="e">Chủ biên</subfield>
  </datafield>
  <datafield tag="245" ind1="1" ind2="0">
   <subfield code="a">Nha khoa cơ sở :</subfield>
   <subfield code="b">Dùng cho sinh viên Răng hàm mặt</subfield>
   <subfield code="n">Tập 2</subfield>
   <subfield code="p">Nha khoa hình thái và chức năng</subfield>
   <subfield code="c">Trần Ngọc Thành, Trương Mạnh Dũng (Chủ biên) ; Bùi Thanh Hải ... (biên soạn)</subfield>
  </datafield>
  <datafield tag="250" ind1=" " ind2=" ">
   <subfield code="a">Tái bản lần thứ 5</subfield>
  </datafield>
  <datafield tag="260" ind1=" " ind2=" ">
   <subfield code="a">H.</subfield>
   <subfield code="b">Giáo dục Việt Nam </subfield>
   <subfield code="c">2023</subfield>
  </datafield>
  <datafield tag="300" ind1=" " ind2=" ">
   <subfield code="a">275 tr.</subfield>
   <subfield code="b">Minh họa</subfield>
   <subfield code="c">27 cm</subfield>
  </datafield>
  <datafield tag="500" ind1=" " ind2=" ">
   <subfield code="a">ĐTTS ghi: Trường Đại học Y Hà Nội. Viện đào tạo Răng hàm mặt</subfield>
  </datafield>
  <datafield tag="520" ind1="3" ind2=" ">
   <subfield code="a">Cuốn sách này là phần nền tảng giúp sinh viên hiểu hình thái (morphology) và chức năng của các cấu trúc răng, hàm, mô liên quan trong miệng, trình bày cấu tạo giải phẫu (hình thái) của các phần: răng, lợi, hàm, mô mềm, xương hàm...</subfield>
  </datafield>
  <datafield tag="653" ind1=" " ind2=" ">
   <subfield code="a">Răng Hàm Mặt</subfield>
  </datafield>
  <datafield tag="700" ind1="1" ind2=" ">
   <subfield code="a">Trương Mạnh Dũng </subfield>
   <subfield code="e">Chủ biên</subfield>
  </datafield>
  <datafield tag="700" ind1="1" ind2=" ">
   <subfield code="a">Bùi Thanh Hải</subfield>
   <subfield code="e">Biên soạn</subfield>
  </datafield>
  <datafield tag="942" ind1=" " ind2=" ">
   <subfield code="2">ddc</subfield>
   <subfield code="c">BK</subfield>
  </datafield>
  <datafield tag="952" ind1=" " ind2=" ">
   <subfield code="0">0</subfield>
   <subfield code="1">0</subfield>
   <subfield code="2">ddc</subfield>
   <subfield code="4">0</subfield>
   <subfield code="6">617_600000000000000_TH107_T_2</subfield>
   <subfield code="7">0</subfield>
   <subfield code="9">31333</subfield>
   <subfield code="a">000001</subfield>
   <subfield code="b">000001</subfield>
   <subfield code="d">2025-09-11</subfield>
   <subfield code="o">617.6 Th107/T.2</subfield>
   <subfield code="p">MD.24354</subfield>
   <subfield code="r">2025-09-11</subfield>
   <subfield code="v">180000.00</subfield>
   <subfield code="w">2025-09-11</subfield>
   <subfield code="y">BK</subfield>
  </datafield>
  <datafield tag="952" ind1=" " ind2=" ">
   <subfield code="0">0</subfield>
   <subfield code="1">0</subfield>
   <subfield code="2">ddc</subfield>
   <subfield code="4">0</subfield>
   <subfield code="6">617_600000000000000_TH107_T_2</subfield>
   <subfield code="7">0</subfield>
   <subfield code="9">31334</subfield>
   <subfield code="a">000001</subfield>
   <subfield code="b">000001</subfield>
   <subfield code="d">2025-09-11</subfield>
   <subfield code="l">1</subfield>
   <subfield code="o">617.6 Th107/T.2</subfield>
   <subfield code="p">MD.24355</subfield>
   <subfield code="q">2025-12-11</subfield>
   <subfield code="r">2025-11-27</subfield>
   <subfield code="s">2025-11-27</subfield>
   <subfield code="v">180000.00</subfield>
   <subfield code="w">2025-09-11</subfield>
   <subfield code="y">BK</subfield>
  </datafield>
  <datafield tag="952" ind1=" " ind2=" ">
   <subfield code="0">0</subfield>
   <subfield code="1">0</subfield>
   <subfield code="2">ddc</subfield>
   <subfield code="4">0</subfield>
   <subfield code="6">617_600000000000000_TH107_T_2</subfield>
   <subfield code="7">0</subfield>
   <subfield code="9">31335</subfield>
   <subfield code="a">000001</subfield>
   <subfield code="b">000001</subfield>
   <subfield code="d">2025-09-11</subfield>
   <subfield code="l">1</subfield>
   <subfield code="o">617.6 Th107/T.2</subfield>
   <subfield code="p">MD.24356</subfield>
   <subfield code="q">2025-12-17</subfield>
   <subfield code="r">2025-12-03</subfield>
   <subfield code="s">2025-12-03</subfield>
   <subfield code="v">180000.00</subfield>
   <subfield code="w">2025-09-11</subfield>
   <subfield code="y">BK</subfield>
  </datafield>
  <datafield tag="952" ind1=" " ind2=" ">
   <subfield code="0">0</subfield>
   <subfield code="1">0</subfield>
   <subfield code="2">ddc</subfield>
   <subfield code="4">0</subfield>
   <subfield code="6">617_600000000000000_TH107_T_2</subfield>
   <subfield code="7">0</subfield>
   <subfield code="9">31336</subfield>
   <subfield code="a">000001</subfield>
   <subfield code="b">000001</subfield>
   <subfield code="d">2025-09-11</subfield>
   <subfield code="o">617.6 Th107/T.2</subfield>
   <subfield code="p">MD.24357</subfield>
   <subfield code="r">2025-09-11</subfield>
   <subfield code="v">180000.00</subfield>
   <subfield code="w">2025-09-11</subfield>
   <subfield code="y">BK</subfield>
  </datafield>
  <datafield tag="952" ind1=" " ind2=" ">
   <subfield code="0">0</subfield>
   <subfield code="1">0</subfield>
   <subfield code="2">ddc</subfield>
   <subfield code="4">0</subfield>
   <subfield code="6">617_600000000000000_TH107_T_2</subfield>
   <subfield code="7">0</subfield>
   <subfield code="9">31337</subfield>
   <subfield code="a">000001</subfield>
   <subfield code="b">000001</subfield>
   <subfield code="d">2025-09-11</subfield>
   <subfield code="o">617.6 Th107/T.2</subfield>
   <subfield code="p">MD.24358</subfield>
   <subfield code="r">2025-09-12</subfield>
   <subfield code="v">180000.00</subfield>
   <subfield code="w">2025-09-11</subfield>
   <subfield code="y">BK</subfield>
  </datafield>
  <datafield tag="980" ind1=" " ind2=" ">
   <subfield code="a">Thư viện Trường Đại học Nam Cần Thơ</subfield>
  </datafield>
 </record>
</collection>
